[Event "DOM-ch (Women)"]
[Site "Santo Domingo"]
[Date "2021.04.09"]
[Round "1"]
[White "Hazim Gonzalez, Elizabeth"]
[Black "Sanchez Jaspez, Rosangel"]
[Result "1-0"]
[WhiteElo "1731"]
[BlackElo "1442"]
[PlyCount "71"]
[EventDate "2021.04.09"]
[EventType "swiss"]
[EventRounds "8"]
[EventCountry "DOM"]
[SourceTitle "CBM 202 Extra"]
[Source "ChessBase"]
[SourceDate "2021.07.31"]
[SourceVersion "1"]
[SourceVersionDate "2021.07.31"]
[SourceQuality "1"]

1. Nf3 d6 2. g3 e5 3. e4 Nf6 4. d3 Be7 5. Bg2 0-0 6. 0-0 Nbd7 7. Nc3 c6 8. Bg5 Re8 9. h3 Nf8 10. Nh2 h5 11. Bxf6 Bxf6 12. Qxh5 g6 13. Qe2 Ne6 14. f4 exf4 15. gxf4 Nd4 16. Qd2 Kg7 17. Nd1 Rh8 18. c3 Ne6 19. Ng4 Bh4 20. Nde3 Bg3 21. f5 Ng5 22. fxg6 fxg6 23. Rf6 Nxh3+ 24. Bxh3 Rxh3 25. Raf1 Be6 26. Nf5+ Bxf5 27. R1xf5 Qe7 28. Qg5 Qe8 29. Rf7+ Qxf7 30. Rxf7+ Kxf7 31. Qf6+ Kg8 32. Qxg6+ Kf8 33. Nh6 Rxh6 34. Qxh6+ Kf7 35. Qh5+ Kf6 36. Qf5+ 1-0

[Event "La Vega op 3rd"]
[Site "La Vega"]
[Date "2019.08.20"]
[Round "1"]
[White "Guzman, Christopher"]
[Black "Hazim Gonzalez, Elizabeth"]
[Result "1-0"]
[WhiteElo "2263"]
[BlackElo "1724"]
[PlyCount "117"]
[EventDate "2019.08.20"]
[EventType "swiss"]
[EventRounds "9"]
[EventCountry "DOM"]
[SourceTitle "EXT 2020"]
[Source "ChessBase"]
[SourceDate "2019.10.17"]
[SourceVersion "1"]
[SourceVersionDate "2019.10.17"]
[SourceQuality "1"]

1. e4 c5 2. Nf3 Nc6 3. d4 cxd4 4. Nxd4 Nf6 5. Nc3 e5 6. Ndb5 d6 7. Bg5 a6 8. Na3 Be6 9. Nc4 Be7 10. Bxf6 gxf6 11. Ne3 Nd4 12. Ncd5 f5 13. c3 f4 14. Nc4 Bxd5 15. exd5 Nf5 16. g3 fxg3 17. hxg3 b5 18. Nd2 Ng7 19. Qg4 Kf8 20. a4 f5 21. Qb4 bxa4 22. Rxa4 a5 23. Qa3 Kf7 24. Nc4 f4 25. Rxa5 Rxa5 26. Qxa5 Qxa5 27. Nxa5 fxg3 28. fxg3 h5 29. Nc4 Ne8 30. Bh3 Nc7 31. Kf2 Nxd5 32. Rd1 Nf6 33. Kf3 Rd8 34. b4 Ng4 35. Bxg4 hxg4+ 36. Kxg4 Rg8+ 37. Kf3 Rc8 38. Nxd6+ Bxd6 39. Rxd6 Rxc3+ 40. Kf2 Rb3 41. Rb6 Ke7 42. g4 e4 43. g5 Kf7 44. b5 Rf3+ 45. Ke2 Rg3 46. g6+ Kg7 47. Rc6 Rb3 48. b6 Kh6 49. Kd2 Kg7 50. Kc2 Rd3 51. Rc4 Rd6 52. Rb4 Rd8 53. b7 Rb8 54. Rb6 Kf8 55. Kc3 Ke7 56. Kc4 Kd7 57. Kc5 Kc7 58. g7 Kd7 59. Rf6 1-0

[Event "DOM-ch (Women)"]
[Site "Santo Domingo"]
[Date "2019.03.09"]
[Round "6"]
[White "Hazim Gonzalez, Elizabeth"]
[Black "Sanchez Marcelino, Jennifer"]
[Result "0-1"]
[WhiteElo "1759"]
[BlackElo "1506"]
[PlyCount "130"]
[EventDate "2019.03.01"]
[EventType "swiss"]
[EventRounds "8"]
[EventCountry "DOM"]
[SourceTitle "CBM 189 Extra"]
[Source "ChessBase"]
[SourceDate "2019.06.03"]
[SourceVersion "1"]
[SourceVersionDate "2019.06.03"]
[SourceQuality "1"]

1. e4 e5 2. Bc4 Nc6 3. c3 Nf6 4. d3 Be7 5. Nf3 d6 6. Nbd2 a6 7. Bb3 0-0 8. 0-0 Na5 9. Bc2 c5 10. Re1 Bg4 11. h3 Bh5 12. Nf1 h6 13. Ng3 Bg6 14. d4 cxd4 15. cxd4 Qc7 16. Bd2 Rfe8 17. Rc1 Qb6 18. Bc3 Red8 19. Qe2 Rac8 20. dxe5 dxe5 21. Nxe5 Bb4 22. Nxg6 fxg6 23. Bxb4 Qxb4 24. Red1 Kh7 25. Rxd8 Rxd8 26. Rd1 Rxd1+ 27. Bxd1 Nd7 28. b3 Nc6 29. Kf1 Qd4 30. a3 Nce5 31. Bc2 Qa1+ 32. Qd1 Qxa3 33. f4 Qf8 34. Ne2 g5 35. f5 g6 36. Qd5 Qc5 37. Qxc5 Nxc5 38. Nc1 Kg7 39. Ke2 Kf6 40. b4 Ncd7 41. Nb3 Nc6 42. fxg6 Nxb4 43. Bb1 Kxg6 44. Nd4 Ne5 45. Ne6 Kf6 46. Nc5 b6 47. Nb3 Nec6 48. Ke3 Ke5 49. Nd2 b5 50. Nf3+ Kd6 51. Nd4 Nxd4 52. Kxd4 Nc6+ 53. Kc3 Ke5 54. g3 Kd6 55. Kd3 Kc5 56. Ke3 Ne5 57. h4 b4 58. hxg5 hxg5 59. Bc2 Kc4 60. Bd1 Kc3 61. Ba4 b3 62. Bxb3 Kxb3 63. Kd4 Nc4 64. e5 Nxe5 65. Kxe5 a5 0-1

[Event "DOM-ch (Women)"]
[Site "Santo Domingo"]
[Date "2019.03.02"]
[Round "2"]
[White "Hazim Gonzalez, Elizabeth"]
[Black "Moronta Ramos, Dianelva Altagracia"]
[Result "1-0"]
[WhiteElo "1759"]
[BlackElo "1638"]
[PlyCount "77"]
[EventDate "2019.03.01"]
[EventType "swiss"]
[EventRounds "8"]
[EventCountry "DOM"]
[SourceTitle "CBM 189 Extra"]
[Source "ChessBase"]
[SourceDate "2019.06.03"]
[SourceVersion "1"]
[SourceVersionDate "2019.06.03"]
[SourceQuality "1"]

1. e4 c6 2. d4 d5 3. exd5 cxd5 4. Bd3 Nf6 5. Bf4 Qb6 6. b3 Nbd7 7. Nf3 e6 8. 0-0 Bd6 9. Bxd6 Qxd6 10. Re1 0-0 11. Ne5 a6 12. Nd2 Nb8 13. Ndf3 Nc6 14. a3 Bd7 15. c4 dxc4 16. bxc4 Rad8 17. c5 Qc7 18. Nc4 Ne7 19. Rb1 Bc6 20. Nfe5 Ned5 21. Qd2 Ne7 22. Nxc6 Nxc6 23. Nd6 Rb8 24. Be4 Rfd8 25. Bxc6 bxc6 26. h3 Ne8 27. Nxe8 Rxe8 28. g3 Red8 29. Qc3 Qd7 30. Qc4 a5 31. Qa4 Qc7 32. Qc4 Kf8 33. Qc3 Qa7 34. Qc4 Qd7 35. Rxb8 Rxb8 36. Rd1 Rb5 37. Kf1 Qb7 38. Qc3 Rb3 39. Qxa5 1-0

[Event "Wch Seniors 50 (Women) 28th"]
[Site "Bled"]
[Date "2018.11.26"]
[Round "8"]
[White "Hazim Gonzalez, Elizabeth"]
[Black "Kierzek, Mira"]
[Result "1-0"]
[WhiteElo "1768"]
[BlackElo "2000"]
[PlyCount "93"]
[EventDate "2018.11.18"]
[EventType "swiss"]
[EventRounds "11"]
[EventCountry "SLO"]
[SourceTitle "CBM 187 Extra"]
[Source "ChessBase"]
[SourceDate "2018.11.04"]
[SourceVersion "1"]
[SourceVersionDate "2018.11.04"]
[SourceQuality "1"]

1. e4 c5 2. Nc3 Nc6 3. g3 g6 4. Bg2 Bg7 5. d3 Rb8 6. Be3 d6 7. Qd2 b5 8. Nge2 b4 9. Nd1 Nd4 10. c3 Nxe2 11. Qxe2 Qa5 12. Qd2 b3 13. a3 Qc7 14. 0-0 Nf6 15. h3 0-0 16. Bh6 e6 17. Bxg7 Kxg7 18. f4 Bb7 19. g4 Nd7 20. f5 exf5 21. gxf5 f6 22. Ne3 Ne5 23. d4 cxd4 24. cxd4 Nd7 25. Rac1 Qd8 26. Rc3 Qe7 27. fxg6 hxg6 28. Ng4 Rh8 29. Rc7 Qd8 30. Rfc1 Kf8 31. Qf4 Qe7 32. R1c3 Qe6 33. d5 Qe7 34. Rxb3 f5 35. Rbxb7 Rxb7 36. Rxb7 Rh7 37. exf5 g5 38. Qc1 Rf7 39. f6 Qe8 40. Qxg5 Qc8 41. Rb3 Qd8 42. Qh6+ Ke8 43. Re3+ Ne5 44. Nxe5 dxe5 45. Rxe5+ Kd7 46. Re6 Qc8 47. Qe3 1-0

[Event "Wch Seniors 50 (Women) 28th"]
[Site "Bled"]
[Date "2018.11.20"]
[Round "3"]
[White "Hazim Gonzalez, Elizabeth"]
[Black "Baliuniene, Margarita"]
[Result "0-1"]
[WhiteElo "1768"]
[BlackElo "1927"]
[PlyCount "92"]
[EventDate "2018.11.18"]
[EventType "swiss"]
[EventRounds "11"]
[EventCountry "SLO"]
[SourceTitle "CBM 187 Extra"]
[Source "ChessBase"]
[SourceDate "2018.11.04"]
[SourceVersion "1"]
[SourceVersionDate "2018.11.04"]
[SourceQuality "1"]

1. c4 e6 2. Nf3 Nf6 3. g3 d5 4. b3 Be7 5. Bb2 Nbd7 6. Bg2 0-0 7. 0-0 b6 8. d4 Bb7 9. Nbd2 c5 10. e3 Rc8 11. Rc1 cxd4 12. exd4 Re8 13. Re1 a6 14. Qe2 Bd6 15. Ne5 Qe7 16. Ndf3 Bb4 17. Red1 Nxe5 18. Nxe5 Red8 19. Rc2 dxc4 20. bxc4 Bxg2 21. Kxg2 Qb7+ 22. f3 Bd6 23. Bc1 h6 24. Be3 a5 25. h3 Qb8 26. f4 Qb7+ 27. Kh2 Ne4 28. Nd3 Qe7 29. Rdc1 g5 30. c5 bxc5 31. dxc5 Bc7 32. Nf2 Nxf2 33. Qxf2 Rd5 34. fxg5 hxg5 35. Rc4 f6 36. Rf1 Kg7 37. Qe2 Rh8 38. Bd4 e5 39. Qe4 Qd7 40. Rf5 Rxd4 41. Rxd4 Qxd4 42. Qxd4 exd4 43. Rd5 Be5 44. c6 Rc8 45. Rxa5 Rxc6 46. Ra7+ Kg6 0-1

[Event "Wch Seniors 50 (Women) 28th"]
[Site "Bled"]
[Date "2018.11.19"]
[Round "2"]
[White "Khropova, Larisa"]
[Black "Hazim Gonzalez, Elizabeth"]
[Result "1-0"]
[WhiteElo "2052"]
[BlackElo "1768"]
[PlyCount "71"]
[EventDate "2018.11.18"]
[EventType "swiss"]
[EventRounds "11"]
[EventCountry "SLO"]
[SourceTitle "CBM 187 Extra"]
[Source "ChessBase"]
[SourceDate "2018.11.04"]
[SourceVersion "1"]
[SourceVersionDate "2018.11.04"]
[SourceQuality "1"]

1. d4 Nf6 2. c4 g6 3. Nc3 Bg7 4. Nf3 d6 5. e4 0-0 6. h3 e5 7. d5 Nbd7 8. g4 Nc5 9. Qc2 a5 10. Be3 b6 11. Be2 a4 12. 0-0-0 Bd7 13. Rdg1 a3 14. b3 Qe7 15. Nd2 Rfc8 16. Kb1 Ra6 17. h4 Rca8 18. h5 Be8 19. f3 Nfd7 20. Nf1 Nb8 21. Bd1 c6 22. Qh2 g5 23. h6 Bf8 24. Ng3 f6 25. Nf5 Qd7 26. Qd2 Bg6 27. Bc2 Kh8 28. Rd1 Nb7 29. dxc6 Nxc6 30. Nd5 Qd8 31. b4 Nxb4 32. Nxb4 Bxf5 33. gxf5 Nc5 34. Bxc5 bxc5 35. Nxa6 Rxa6 36. Ka1 1-0

[Event "Olympiad Women-43"]
[Site "Batumi"]
[Date "2018.10.03"]
[Round "9.2"]
[White "Chuersakul, Sarocha"]
[Black "Hazim Gonzalez, Elizabeth"]
[Result "0-1"]
[WhiteElo "1620"]
[BlackElo "1748"]
[PlyCount "62"]
[EventDate "2018.09.24"]
[EventType "team-swiss"]
[EventRounds "11"]
[EventCountry "GEO"]
[SourceTitle "EXT 2020"]
[Source "ChessBase"]
[SourceDate "2019.10.17"]
[SourceVersion "1"]
[SourceVersionDate "2019.10.17"]
[SourceQuality "1"]
[WhiteTeam "Thailand (W)"]
[BlackTeam "Dominican Republic (W)"]
[WhiteTeamCountry "THA"]
[BlackTeamCountry "DOM"]

1. d4 Nf6 2. Nc3 g6 3. e4 d6 4. Bg5 Bg7 5. e5 dxe5 6. dxe5 Nfd7 7. e6 Bxc3+ 8. bxc3 fxe6 9. Qd4 Nf6 10. Qe3 Qd5 11. Be2 Nc6 12. Bf3 Qc4 13. Ne2 0-0 14. h4 Nd5 15. Qd2 Ne5 16. h5 Rxf3 17. hxg6 Qc5 18. gxh7+ Kh8 19. Be3 Rxe3 20. fxe3 Qxe3 21. Qd4 Qxd4 22. cxd4 Ng4 23. Rh4 Nge3 24. Kf2 Bd7 25. g4 Rf8+ 26. Kg3 Bc6 27. Rh6 Nf6 28. Nf4 Be4 29. g5 Nf5+ 30. Kh3 Nxh6 31. Nxe6 Bf5+ 0-1

[Event "DOM-ch (Women)"]
[Site "Santo Domingo"]
[Date "2018.03.11"]
[Round "4"]
[White "Cabreja Lora, Suzette"]
[Black "Hazim Gonzalez, Elizabeth"]
[Result "0-1"]
[WhiteElo "1678"]
[BlackElo "1789"]
[PlyCount "88"]
[EventDate "2018.03.09"]
[EventType "swiss"]
[EventRounds "8"]
[EventCountry "DOM"]
[SourceTitle "CBM 183 Extra"]
[Source "ChessBase"]
[SourceDate "2018.04.19"]
[SourceVersion "1"]
[SourceVersionDate "2018.04.19"]
[SourceQuality "1"]

1. e4 b6 2. d4 Bb7 3. Bd3 e6 4. Nc3 Bb4 5. Bd2 Bxc3 6. Bxc3 d5 7. e5 Ba6 8. Qe2 Bxd3 9. Qxd3 Nd7 10. Qg3 g6 11. Bd2 h6 12. Nf3 Ne7 13. Qh3 c5 14. c3 Qc7 15. Rc1 Qc6 16. 0-0 0-0-0 17. b4 c4 18. Ra1 Qa4 19. Rfc1 a6 20. Ne1 Rdg8 21. Qf3 Rf8 22. Qd1 Qc6 23. a4 Qc7 24. Rc2 f5 25. b5 a5 26. Bc1 Rf7 27. Ba3 f4 28. Bd6 Qd8 29. Qg4 Nf8 30. Qh4 g5 31. Qh5 Rhh7 32. Nf3 Nf5 33. Bxf8 Qxf8 34. Nd2 Rhg7 35. Qg4 Rg6 36. Qh5 Rfg7 37. Qg4 Qh8 38. Nf1 h5 39. Qe2 g4 40. f3 h4 41. Raa2 h3 42. g3 fxg3 43. f4 gxh2+ 44. Nxh2 g3 0-1

[Event "DOM-ch (Women)"]
[Site "Santo Domingo"]
[Date "2018.03.10"]
[Round "2"]
[White "Alfau Sencion, Lisbeth"]
[Black "Hazim Gonzalez, Elizabeth"]
[Result "1/2-1/2"]
[WhiteElo "1664"]
[BlackElo "1789"]
[PlyCount "153"]
[EventDate "2018.03.09"]
[EventType "swiss"]
[EventRounds "8"]
[EventCountry "DOM"]
[SourceTitle "CBM 183 Extra"]
[Source "ChessBase"]
[SourceDate "2018.04.19"]
[SourceVersion "1"]
[SourceVersionDate "2018.04.19"]
[SourceQuality "1"]

1. e4 c5 2. Nf3 Nc6 3. d4 cxd4 4. Nxd4 e5 5. Nf3 Bc5 6. Bc4 Nf6 7. Nc3 0-0 8. 0-0 d6 9. h3 Be6 10. Bxe6 fxe6 11. Re1 Rc8 12. Be3 Bxe3 13. Rxe3 Qe7 14. Nb5 Rfd8 15. c4 d5 16. exd5 exd5 17. cxd5 Rxd5 18. Qe2 Rcd8 19. Nc3 Rc5 20. Re1 a6 21. a3 a5 22. Na4 Rcd5 23. Nxe5 Rxe5 24. Rxe5 Qxe5 25. Qxe5 Nxe5 26. Rxe5 Rd1+ 27. Kh2 Rd5 28. Rxd5 Nxd5 29. Kg3 Kf7 30. Kf3 Ke7 31. Ke4 Kd6 32. Nc3 Nf6+ 33. Kd4 Kc6 34. g4 h6 35. Ne4 Nd5 36. Ke5 Nc7 37. f4 Nd5 38. Nc3 Ne3 39. Ke4 Nc2 40. Kd3 Ne1+ 41. Ke2 Ng2 42. Kf3 Nh4+ 43. Ke4 Ng2 44. g5 hxg5 45. fxg5 Kd6 46. Kf5 Nh4+ 47. Kg4 Ng6 48. h4 Ne5+ 49. Kf5 g6+ 50. Kf6 Nf3 51. Kxg6 Nxh4+ 52. Kf6 Kc5 53. g6 Nxg6 54. Kxg6 Kc4 55. Kf5 Kb3 56. Nd1 Kc2 57. b4 Kxd1 58. Ke5 axb4 59. axb4 Kc2 60. Kd5 Kb3 61. Kc5 Ka4 62. b5 Ka5 63. b6 Ka6 64. Kc4 Kxb6 65. Kb4 Kc6 66. Kc4 b6 67. Kb4 b5 68. Kb3 Kc5 69. Kc3 b4+ 70. Kb2 Kd4 71. Kb3 Kc5 72. Kb2 Kc4 73. Kc2 b3+ 74. Kb1 Kb5 75. Kc1 Kc4 76. Kb1 Kb5 77. Ka1 1/2-1/2

[Event "Santo Domingo U2000 op"]
[Site "Santo Domingo"]
[Date "2017.06.09"]
[Round "5"]
[White "Hazim Gonzalez, Elizabeth"]
[Black "Rodriguez Garcia, Eduardo Manuel"]
[Result "0-1"]
[WhiteElo "1815"]
[BlackElo "1977"]
[PlyCount "82"]
[EventDate "2017.06.02"]
[EventType "swiss"]
[EventRounds "8"]
[EventCountry "DOM"]
[SourceTitle "CBM 178 Extra"]
[Source "ChessBase"]
[SourceDate "2017.06.22"]
[SourceVersion "1"]
[SourceVersionDate "2017.06.22"]
[SourceQuality "1"]

1. e4 c5 2. Nc3 d6 3. g3 e5 4. d3 Nc6 5. Bg2 Nf6 6. Nge2 Be7 7. f4 exf4 8. Bxf4 0-0 9. 0-0 Be6 10. Qd2 d5 11. exd5 Nxd5 12. Rae1 Qd7 13. Nxd5 Bxd5 14. Nc3 Bxg2 15. Qxg2 Bf6 16. Ne4 Bxb2 17. c3 Bxc3 18. Rd1 Bd4+ 19. Kh1 b6 20. Ng5 h6 21. Ne4 f5 22. Nd6 Rf6 23. Nb5 Re8 24. Rde1 Rfe6 25. Rxe6 Rxe6 26. Nc7 Re7 27. Nb5 g5 28. Bd2 Re5 29. Nxd4 Nxd4 30. Re1 Rxe1+ 31. Bxe1 Qc6 32. Bc3 Qxg2+ 33. Kxg2 Kf7 34. Kf2 Ke6 35. Ke3 Kd5 36. a4 a6 37. h4 b5 38. axb5 axb5 39. hxg5 hxg5 40. Ba5 b4 41. Bd8 b3 0-1

[Event "Santo Domingo U2000 op"]
[Site "Santo Domingo"]
[Date "2017.06.04"]
[Round "4"]
[White "Ortiz, Junior Renato"]
[Black "Hazim Gonzalez, Elizabeth"]
[Result "0-1"]
[WhiteElo "1762"]
[BlackElo "1815"]
[PlyCount "74"]
[EventDate "2017.06.02"]
[EventType "swiss"]
[EventRounds "8"]
[EventCountry "DOM"]
[SourceTitle "CBM 178 Extra"]
[Source "ChessBase"]
[SourceDate "2017.06.22"]
[SourceVersion "1"]
[SourceVersionDate "2017.06.22"]
[SourceQuality "1"]

1. d4 Nf6 2. c4 d6 3. Nc3 g6 4. e4 Bg7 5. Nf3 0-0 6. Be2 Nbd7 7. Bf4 Nh5 8. Qd2 Nxf4 9. Qxf4 e5 10. dxe5 Nxe5 11. Rd1 Bg4 12. Nxe5 Bxe2 13. Nxe2 Bxe5 14. Qd2 Qf6 15. 0-0 Bxb2 16. Rb1 Ba3 17. Rxb7 Rfc8 18. Qa5 Bc5 19. Rxc7 Qe6 20. Nf4 Qxe4 21. Nd5 Kg7 22. Qc3+ Bd4 23. Qb4 Rxc7 24. Nxc7 Rd8 25. Nb5 Bc5 26. Qc3+ Kg8 27. h3 Rc8 28. Rd1 Qf4 29. Qd2 Qxd2 30. Rxd2 Rc6 31. Nd4 Rb6 32. Nb3 Bb4 33. Rd5 Ra6 34. Rb5 Bc3 35. Rd5 Rxa2 36. Rxd6 Rb2 37. Nc5 Rb1+ 0-1

[Event "DOM-ch (Women)"]
[Site "Santo Domingo"]
[Date "2016.04.02"]
[Round "7"]
[White "Villar Acevedo, Darlin Rocio"]
[Black "Hazim Gonzalez, Elizabeth"]
[Result "1-0"]
[WhiteElo "1725"]
[BlackElo "1861"]
[PlyCount "83"]
[EventDate "2016.03.18"]
[EventType "swiss"]
[EventRounds "8"]
[EventCountry "DOM"]
[SourceTitle "CBM 171 Extra"]
[Source "ChessBase"]
[SourceDate "2016.04.26"]
[SourceVersion "1"]
[SourceVersionDate "2016.04.26"]
[SourceQuality "1"]

1. e4 c5 2. Nf3 Nc6 3. d4 cxd4 4. Nxd4 e5 5. Nb5 d6 6. c4 a6 7. N5a3 Be7 8. Nc3 Be6 9. Nc2 Bg5 10. Qf3 Bxc1 11. Rxc1 Nf6 12. Bd3 0-0 13. 0-0 Rc8 14. b3 g6 15. Nd5 Bxd5 16. exd5 Nb8 17. Ne3 Nbd7 18. Nd1 Nh5 19. Nc3 f5 20. Qd1 e4 21. Bb1 Ne5 22. Ne2 Qg5 23. Ng3 Nxg3 24. fxg3 Qe3+ 25. Kh1 Ng4 26. Qe1 Qh6 27. h3 Rcd8 28. b4 Nf6 29. a3 b6 30. c5 bxc5 31. bxc5 dxc5 32. Rxc5 Kh8 33. Ba2 Rf7 34. Qc3 Qg7 35. d6 Rxd6 36. Bxf7 Qxf7 37. Rc8+ Kg7 38. Rb1 Kh6 39. Qe3+ g5 40. h4 Qh5 41. Rf1 Ng4 42. Qc5 1-0

[Event "DOM-ch (Women)"]
[Site "Santo Domingo"]
[Date "2016.04.01"]
[Round "5"]
[White "Hazim Gonzalez, Elizabeth"]
[Black "Corporan, Paola Melissa"]
[Result "1-0"]
[WhiteElo "1861"]
[BlackElo "1755"]
[PlyCount "75"]
[EventDate "2016.03.18"]
[EventType "swiss"]
[EventRounds "8"]
[EventCountry "DOM"]
[SourceTitle "CBM 171 Extra"]
[Source "ChessBase"]
[SourceDate "2016.04.26"]
[SourceVersion "1"]
[SourceVersionDate "2016.04.26"]
[SourceQuality "1"]

1. e4 e6 2. d4 d5 3. e5 c5 4. c3 Qb6 5. a3 c4 6. Be2 Nc6 7. Nf3 Na5 8. Nbd2 Bd7 9. 0-0 Ne7 10. Re1 Nf5 11. Bf1 Be7 12. g3 0-0-0 13. Bg2 h5 14. h3 g5 15. Nf1 g4 16. Ng5 Bxg5 17. Bxg5 Rdg8 18. Bf6 Rh6 19. Rb1 gxh3 20. Bxh3 h4 21. g4 Ng7 22. Bxg7 Rxg7 23. Nd2 Qd8 24. f4 f6 25. Nf3 Be8 26. Qd2 Rh8 27. Kh2 Bg6 28. exf6 Qxf6 29. g5 Qf8 30. Bxe6+ Kb8 31. Rbd1 Be4 32. Rxe4 dxe4 33. Ne5 Qd6 34. d5 Rgh7 35. Qd4 h3 36. Qxe4 Qc5 37. Qf3 Qb5 38. Qf2 1-0

[Event "Santo Domingo La Raza op"]
[Site "Santo Domingo"]
[Date "2015.10.20"]
[Round "7"]
[White "Arvelo Leo, Gian Carlo"]
[Black "Hazim Gonzalez, Elizabeth"]
[Result "1-0"]
[WhiteElo "2129"]
[BlackElo "1849"]
[PlyCount "141"]
[EventDate "2015.10.12"]
[EventType "swiss"]
[EventRounds "8"]
[EventCountry "DOM"]
[SourceTitle "CBM 169 Extra"]
[Source "ChessBase"]
[SourceDate "2015.12.18"]
[SourceVersion "1"]
[SourceVersionDate "2015.12.18"]
[SourceQuality "1"]

1. d4 Nf6 2. Nf3 e6 3. Bg5 b6 4. Nbd2 Be7 5. e4 d6 6. Bd3 h6 7. Bxf6 Bxf6 8. e5 Be7 9. exd6 cxd6 10. Qe2 Qc7 11. 0-0-0 Bb7 12. Kb1 Nd7 13. Rhg1 0-0-0 14. c4 Kb8 15. Rc1 Rc8 16. Rc3 Rhe8 17. g4 Qd8 18. Qd1 d5 19. Qe2 Bb4 20. Rcc1 Bd6 21. Ne5 Nxe5 22. dxe5 Be7 23. f4 Qd7 24. Rgd1 d4 25. Rf1 Red8 26. Rfd1 a5 27. Nf3 Qa4 28. Rf1 Qc6 29. h4 a4 30. a3 Bc5 31. h5 Qd7 32. Nd2 Qe7 33. Ka2 Bc6 34. Ne4 Qd7 35. f5 Qc7 36. Nxc5 bxc5 37. f6 Rg8 38. Bh7 Rh8 39. Bd3 gxf6 40. Rxf6 Rcg8 41. Rff1 Be8 42. Rce1 Rg5 43. Rf4 Rhg8 44. Qe4 Bc6 45. Qh7 R8g7 46. Qxh6 Qb7 47. Bc2 Rxg4 48. Rxg4 Rxg4 49. Qf8+ Ka7 50. Qxc5+ Ka6 51. Qb4 Qxb4 52. axb4 Rh4 53. b5+ Bxb5 54. cxb5+ Kxb5 55. Bd3+ Kb4 56. Rc1 Rxh5 57. Rc4+ Ka5 58. Rc6 Kb4 59. Rb6+ Kc5 60. Rb5+ Kc6 61. Ra5 f6 62. exf6 Rxa5 63. f7 Ra8 64. Be4+ Kd7 65. Bxa8 Ke7 66. Ka3 Kxf7 67. Kxa4 Ke7 68. Kb4 Kd6 69. Kc4 e5 70. Be4 Kc7 71. Kc5 1-0

[Event "DOM-ch (Women)"]
[Site "Santo Domingo"]
[Date "2015.06.06"]
[Round "3"]
[White "Rodriguez Espaillat, Escarlet M"]
[Black "Hazim Gonzalez, Elizabeth"]
[Result "0-1"]
[WhiteElo "1642"]
[BlackElo "1805"]
[PlyCount "92"]
[EventDate "2015.06.05"]
[EventType "swiss"]
[EventRounds "6"]
[EventCountry "DOM"]
[SourceTitle "CBM 167 Extra"]
[Source "ChessBase"]
[SourceDate "2015.09.14"]
[SourceVersion "1"]
[SourceVersionDate "2015.09.14"]
[SourceQuality "1"]

1. e4 c5 2. Nf3 Nc6 3. d4 cxd4 4. Nxd4 e5 5. Nb5 d6 6. N1c3 a6 7. Na3 Be6 8. Nd5 Nf6 9. Nxf6+ Qxf6 10. Bc4 Qg6 11. Bxe6 Qxe4+ 12. Qe2 Qxe2+ 13. Kxe2 Nd4+ 14. Ke1 Nxe6 15. Be3 d5 16. c3 Rc8 17. Rd1 Rd8 18. Bb6 Rd6 19. Be3 Be7 20. Nc2 f5 21. f3 g5 22. Ke2 Kf7 23. Rd2 Rhd8 24. Rhd1 Bf6 25. Nb4 d4 26. cxd4 exd4 27. g3 Ke7 28. Bf2 h5 29. Rc1 f4 30. g4 hxg4 31. fxg4 a5 32. Nd3 Rc6 33. Kf3 Rxc1 34. Nxc1 Nc5 35. Nd3 b6 36. b4 Nxd3 37. Rxd3 a4 38. Ke4 Ke6 39. Bxd4 Bxd4 40. Rxd4 Rc8 41. a3 Rc3 42. Rd3 Rxd3 43. Kxd3 Kd5 44. h4 gxh4 45. g5 h3 46. g6 Ke6 0-1

[Event "DOM-ch (Women)"]
[Site "Santo Domingo"]
[Date "2015.03.14"]
[Round "7"]
[White "Hazim Gonzalez, Elizabeth"]
[Black "Villar Acevedo, Darlin Rocio"]
[Result "1/2-1/2"]
[WhiteElo "1805"]
[BlackElo "1694"]
[PlyCount "72"]
[EventDate "2015.03.06"]
[EventType "swiss"]
[EventRounds "8"]
[EventCountry "DOM"]
[SourceTitle "CBM 165 Extra"]
[Source "ChessBase"]
[SourceDate "2015.04.21"]
[SourceVersion "1"]
[SourceVersionDate "2015.04.21"]
[SourceQuality "1"]

1. e4 c6 2. d4 d5 3. exd5 cxd5 4. Bd3 Nf6 5. Bf4 Nc6 6. c3 e6 7. Nf3 Be7 8. Nbd2 0-0 9. 0-0 b6 10. Re1 Bb7 11. Ne5 Nd7 12. Ndf3 Ndxe5 13. Nxe5 Nxe5 14. dxe5 g6 15. Bh6 Re8 16. Qg4 Bf8 17. Bd2 a5 18. Bb5 Re7 19. Bg5 Rc8 20. Rad1 Bc6 21. Bd3 Qc7 22. Bxe7 Bxe7 23. Re2 Qd7 24. Re3 Bb5 25. Bb1 Qc7 26. Rde1 Kg7 27. Rh3 d4 28. Qxd4 Rd8 29. Qf4 h5 30. Rf3 Rf8 31. Rc1 Qc4 32. Qe3 Rd8 33. Re1 Rd5 34. b3 Qg4 35. c4 Bc5 36. Qe2 Ba3 1/2-1/2